Vývoj spotrebiteľských cien a vývoj objemu dane z pridanej hodnoty

Analýza problému ako zmena sadzby dane z pridanej hodnoty ovplyvní výšku spotrebiteľskej ceny a objem dane z pridanej hodnoty. Pre účely tejto analýzy bola použitá nelineárna funkcia dopytu a nelineárna funkcia ponuky, ktoré sú z matematického hľadiska náročnejšie na riešenie, ale výsledné vzťahy ma...

Descrizione completa

Salvato in:
Dettagli Bibliografici
Autore principale: Strieška, Ľubomír
Natura: Capitolo di libro
Lingua:slovacco
Soggetti:
Tags: Aggiungi Tag
Nessun Tag, puoi essere il primo ad aggiungerne!!

MARC

LEADER 00000nla$a2200000$$$4500
001 0096514
005 20240502072055.0
041 0 |a slo 
044 |a SK 
245 1 0 |a Vývoj spotrebiteľských cien a vývoj objemu dane z pridanej hodnoty  |c Ľubomír Strieška 
520 |a Analýza problému ako zmena sadzby dane z pridanej hodnoty ovplyvní výšku spotrebiteľskej ceny a objem dane z pridanej hodnoty. Pre účely tejto analýzy bola použitá nelineárna funkcia dopytu a nelineárna funkcia ponuky, ktoré sú z matematického hľadiska náročnejšie na riešenie, ale výsledné vzťahy majú univerzálny charakter. To znamená, že platia pre ľubovoľné funkcie dopytu a ponuky. 
610 2 0 |a ceny spotrebiteľské 
610 2 0 |a monopoly 
610 2 0 |a vývoj cenový 
610 2 0 |a obchod 
610 2 0 |a dane z hodnoty pridanej 
100 1 |a Strieška, Ľubomír